000 00549nam a2200229Ia 4500
003 IT-RoPAU
008 120407s9999 xx 000 0 und d
040 _aIT-RoPAU
040 _cIT-RoPAU
041 _aita
100 _aRaymond Aron
245 _a"Le tappe del pensiero sociologico. Montesquieu, Comte, Marx, Tocqueville, Durkheim, Pareto, Weber."
250 _aMilano
260 _aMondadori
260 _c1972
300 _a595 p.
300 _c20 cm
490 _aGli oscar studio.
490 _v1
942 _cBK
999 _c35952
_d35952